|
|
|
|
| LEADER |
00000nab a2200000 4500 |
| 001 |
vtls011919710 |
| 003 |
SK-MaSNL |
| 005 |
20260304233542.0 |
| 008 |
200224|2013 xo qr p || |||| ||slo |
| 015 |
|
|
|a SNBRA 2015
|2 svkbbbg
|
| 038 |
|
|
|a SVKBBBG
|
| 040 |
|
|
|a SVKBBBG
|b slo
|c SVKBBBG
|e rda
|
| 041 |
0 |
|
|a slo
|
| 043 |
|
|
|a e-xo---
|
| 044 |
|
|
|a xo
|c SK
|
| 072 |
|
7 |
|a 640.4
|x Hotelierstvo. Stravovanie
|2 konspekt
|
| 072 |
|
7 |
|a 72
|x Architektúra
|2 konspekt
|
| 080 |
|
|
|a (437.6)
|2 2011
|
| 080 |
|
|
|a 640.412
|2 2011
|
| 080 |
|
|
|a 640.418
|2 2011
|
| 100 |
1 |
|
|a Kaliský, Dušan,
|d 1935-
|4 aut
|9 131540
|
| 245 |
1 |
0 |
|a Šport hotel Donovaly
|c Dušan Kaliský
|
| 300 |
|
|
|b Fotografie
|
| 336 |
|
|
|a text
|b txt
|2 rdacontent
|
| 337 |
|
|
|a bez média
|b n
|2 rdamedia
|
| 338 |
|
|
|a zväzok
|b nc
|2 rdacarrier
|
| 650 |
0 |
7 |
|a hotely
|2 SNKPH
|9 18422
|
| 650 |
0 |
7 |
|a turistické ubytovne
|2 SNKPH
|9 94157
|
| 651 |
|
7 |
|a Donovaly (Slovensko)
|2 SNKPHgeo
|9 14559
|
| 773 |
0 |
|
|t Bystrický Permon
|d Roč. XI., č. 4 (2013)
|g S. 16
|x 2585-9420
|
| 852 |
|
|
|a SVKBB
|b KIS3GCP
|
| 958 |
|
|
|a NB
|
| 999 |
|
|
|c 3199130
|d 3201060
|